Old and New Testaments in Muslim Religious Art. (Record no. 2818)
[ view plain ]
| 000 -LEADER | |
|---|---|
| fixed length control field | 00589nam a2200241 a 4500 |
| 020 ## - INTERNATIONAL STANDARD BOOK NUMBER | |
| ISBN | |
| 082 00 - DEWEY DECIMAL CLASSIFICATION NUMBER | |
| Classification number | 704.94897 |
| Author Cutter | ARN |
| 100 ## - MAIN ENTRY--AUTHOR NAME | |
| Author name | Arnold, Thomas W |
| 245 ## - TITLE STATEMENT | |
| Title | Old and New Testaments in Muslim Religious Art. |
| 260 ## - PUBLICATION, DISTRIBUTION, ETC. (IMPRINT) | |
| Place of publication | London |
| Name of publisher | Humphery Milford |
| Year of publication | 1932 |
| 300 ## - PHYSICAL DESCRIPTION | |
| Number of Pages | 47p |
| 500 ## - GENERAL NOTE | |
| General note | includes index and biblioraphy |
| 505 2# - FORMATTED CONTENTS NOTE | |
| Formatted contents note | Ill. |
| 650 ## - SUBJECT ADDED ENTRY--TOPICAL TERM | |
| Topical Term | Art-Islamic |
| 942 ## - ADDED ENTRY ELEMENTS (KOHA) | |
| Koha item type | Books |
| 700 1# - | |
| -- | Arnold, Thomas W |
| Collection code | Home library | Current library | Date acquired | Cost, normal purchase price | Full call number | Accession Number | Koha item type |
|---|---|---|---|---|---|---|---|
| Henry Martyn Institute Library | Henry Martyn Institute Library | 05/24/2005 | 0.00 | 704.94897 ARN | 02862 | Books |
